000 01585nam a2200433 i 4500
001 30497
003 KOSZ 005
005 20220527140131.0
008 970510s1995 pl a f f |000 0 pol
015 _aPB 1995/2041
020 _a8301102128
040 _aWA N
_cWA N
_dKOSZ 005/HR
080 _a159.92/.95
080 _a(075.8)
100 1 _aGrabowska, Anna
_d(1948- )
_eAutor
245 1 0 _aProcesy percepcji /
_cAnna Grabowska, Wanda Budohoska. Myślenie i rozwiązywanie problemów. Podejmowanie decyzji / Józef Kozielecki.
246 1 4 _aPercepcja, myślenie, decyzje.
250 _a[Wyd. 2].
260 _aWarszawa :
_bWydawnictwo Naukowe PWN,
_c1995.
300 _a197, [3] s. :
_bfot., rys., wykr. ;
_c24 cm.
380 _aKsiążki
388 _a1901-2000
388 _a1989-2000
490 1 _aPsychologia ogólna / pod red. Tadeusza Tomaszewskiego ;
_v[1]
500 _aTyt. okł. : Percepcja, myślenie, decyzje.
504 _aBibliogr. s. 189-194 i przy pracach.
650 4 _aDecyzje
650 4 _aMyślenie
650 4 _aSpostrzeganie
655 4 _aPodręczniki akademickie
658 _aPsychologia
700 1 _aKozielecki, Józef
_d(1936-2017)
_eAutor
700 1 _aTomaszewski, Tadeusz
_d(1910-2000)
_eRedakcja
700 1 _aBudohoska, Wanda
_d(1920-1997)
_eAutor
710 2 _aWydawnictwo Naukowe PWN
_4pbl.
830 0 _aPsychologia ogólna
_v1
856 4 1 _uhttp://koha.tu.koszalin.pl/cgi-bin/koha/opac-detail.pl?biblionumber=30497
_zKatalog online BPK
942 _2UKD
_cKS
999 _c30497
_d30497